000 00720nam a2200289Ia 4500
005 20260324142451.0
008 008 260324s9999 xx 000 0 eng d
020 _a9780429041860
037 _aEBOOK
040 _aCRL
040 _beng
040 _cCRL
041 _2eng
041 _aeng
084 _qCRL
100 _aDavid J. Hayward
_91212048
245 0 _aInternational Trade And Regional Economies
245 4 _bThe Impacts Of European Integration On The United States
260 _bTaylor and Francis
260 _c1995
365 _a
365 _b220
856 _uhttp://www.taylorfrancis.com/books/9780429041860
942 _cEBOOK
999 _c1816278
_d1816278